000 00518nam a2200145Ia 4500
008 151213s9999 xx 000 0 und d
100 _aআজহার উদ্দীন খান।
245 _aদীপ্ত আলোর গল্প।
_cআজহার উদ্দীন খান।
260 _aঢাকা
_bসেলিনা হোসেন।
_c1999
300 _a8633 p.
650 _aBangla
650 _aগল্প।
700 _aআজহার উদ্দীন খান।
999 _c4420
_d4420